| 000 | 00823nam0a22002651 4500 | ||
|---|---|---|---|
| 001 | rc\2811313 | ||
| 005 | 20250806210632.0 | ||
| 035 | _a(NLR Aleph) 006937162 | ||
| 090 |
_a35990 _c35990 |
||
| 100 | _a20110915d1944 u y0rusy50 ca | ||
| 101 | 0 | _arus | |
| 102 | _aRU | ||
| 105 | _ay z ||||| | ||
| 200 | 1 |
_aПередовики-движенцы в борьбе за график _fИ. Я. Аксенов |
|
| 205 | _a2-е изд. | ||
| 210 |
_aМосква _cТрансжелдориздат _d1944 |
||
| 215 |
_a52 с. _d14 см. |
||
| 700 | 1 |
_aАксенов _bИ.Я. _gИван Яковлевич |
|
| 801 | 0 |
_aRU _bNLR _gpsbo |
|
| 801 | 1 |
_aRU _bELAR _2rusmarc |
|
| 852 |
_aNLR _jЭк60 Г-2/37 |
||
| 942 | _cBOOK | ||
| 945 | _aРоссийская национальная библиотека | ||
| 980 | _aNB | ||
| 980 | _aBV | ||